Library science in India (Record no. 1331179)

MARC details
000 -LEADER
fixed length control field 00604nam a2200217Ia 4500
005 - DATE AND TIME OF LATEST TRANSACTION
control field 20250508151643.0
008 - FIXED-LENGTH DATA ELEMENTS--GENERAL INFORMATION
fixed length control field 008 250505s9999 xx 000 0 eng d
037 ## - SOURCE OF ACQUISITION
Stock number Textual
040 ## - CATALOGING SOURCE
Original cataloging agency FEDL
Language of cataloging eng
Transcribing agency FEDL
041 ## - LANGUAGE CODE
Language code of text/sound track or separate title eng
Source of code eng
084 ## - COLON CLASSIFICATION NUMBER
Classification number 020, CHA
Assigning agency FEDL
100 ## - MAIN ENTRY--PERSONAL NAME
Personal name Chandrasekharan K Ed.
9 (RLIN) 43967
245 #0 - TITLE STATEMENT
Title Library science in India
260 ## - PUBLICATION, DISTRIBUTION, ETC.
Place of publication, distribution, etc. Madras, India
Name of publisher, distributor, etc. Madras Library Association
Date of publication, distribution, etc. 1953
300 ## - PHYSICAL DESCRIPTION
Extent xiii,203p
365 ## - TRADE PRICE
Price type code INR
Price amount 8
490 ## - SERIES STATEMENT
Series statement Madras library association
650 ## - SUBJECT ADDED ENTRY--TOPICAL TERM
Topical term or geographic name entry element Library science
942 ## - ADDED ENTRY ELEMENTS (KOHA)
Koha item type Textual
Classification part 020, CHA
Holdings
Withdrawn status Lost status Damaged status Not for loan Home library Current library Date acquired Cost, normal purchase price Total Checkouts Full call number Barcode Date last seen Price effective from Koha item type
        Department of Education Library Department of Education Library 2025-05-08 8.00   020, CHA EL0012063 2025-05-08 2025-05-08 Textual
Copyright @ Delhi University Library System